00817nam a2200205 i 4500001000700000003000900007005001700016008004100033100002800074245012000102260004500222300002200267490005100289650001500340700003500355830005900390852002100449999001900470952012200489186021ES-MaACL20230906222551.0160905s1966 sp |||| | spa d0 aGuelluy, Robert.96042810aVida de fe y quehacer temporal : bpor una teología de trabajo /cRobert Guelley ; prólogo de... Mons. Garrone. aMadrid : bEl Perpetuo Socorro, c[1966] a167 p. ; c22 cm.1 aLibros de Teologia y Práctica Pastoral ; v604aFe.9127341 aGarrone, Gabriel Marie.9557820 aLibros de Teologia y Práctica Pastoral ; v69183305 aES-MaACLjE-4368 c186021d186021 00104070aATENEOMbATENEOMcDEPO2d2016-09-05eDONl0oE-4368p1196116r2023-02-23 00:00:00w2023-02-23yMONOGRAFIA